000 00413nam a2200169Ia 4500
001 10591
003 IN-NITTTR
005 20251114233059.0
008 251113s9999||||xx |||||||||||||| ||eng||
040 _beng
040 _cIN-NITTTR
041 _aeng
082 _a658.4 B 89 O
100 _aBurack, Elmer H.
245 0 _aOrganization analysis theory and applications. /
_cBurack, Elmer H.
942 _2ddc
_cBK
999 _c13228
_d13228